|
|
|
|
| LEADER |
00000naa2a2200000 4500 |
| 001 |
630854 |
| 005 |
20240212131020.0 |
| 035 |
|
|
|a (RuTPU)RU\TPU\conf\32404
|
| 035 |
|
|
|a RU\TPU\conf\32399
|
| 090 |
|
|
|a 630854
|
| 100 |
|
|
|a 20200128d2019 k y0rusy50 ca
|
| 101 |
0 |
|
|a rus
|
| 102 |
|
|
|a RU
|
| 105 |
|
|
|a y z 101zy
|
| 135 |
|
|
|a drcn ---uucaa
|
| 181 |
|
0 |
|a i
|
| 182 |
|
0 |
|a b
|
| 200 |
1 |
|
|a Отработка технологии трехмерной печати полимерным композиционным материалом и исследование свойств после воздействия космических факторов
|f В. А. Юркина, А. В. Батранин, В. А. Клименов
|
| 203 |
|
|
|a Текст
|c электронный
|
| 300 |
|
|
|a Заглавие с экрана
|
| 320 |
|
|
|a [Библиогр.: с. 103 (4 назв.)]
|
| 463 |
|
0 |
|0 (RuTPU)RU\TPU\conf\32381
|t Междисциплинарные проблемы аддитивных технологий
|o сборник тезисов V Всероссийского научного семинара, 5-6 декабря 2019, Томск
|f Национальный исследовательский Томский политехнический университет (ТПУ) ; под ред. А. Г. Князевой
|v [С. 102-103]
|d 2019
|
| 610 |
1 |
|
|a электронный ресурс
|
| 610 |
1 |
|
|a труды учёных ТПУ
|
| 610 |
1 |
|
|a технологии
|
| 610 |
1 |
|
|a трехмерная печать
|
| 610 |
1 |
|
|a полимерные композиционные материалы
|
| 610 |
1 |
|
|a воздействия
|
| 610 |
1 |
|
|a космические факторы
|
| 610 |
1 |
|
|a конструкции
|
| 610 |
1 |
|
|a космические аппараты
|
| 610 |
1 |
|
|a аддитивные технологии
|
| 610 |
1 |
|
|a 3D-модели
|
| 610 |
1 |
|
|a 3D-принтеры
|
| 610 |
1 |
|
|a полиэфирэфиркетон
|
| 700 |
|
1 |
|a Юркина
|b В. А.
|c специалист в области материаловедения
|c инженер Томского политехнического университета
|f 1994-
|g Варвара Александровна
|3 (RuTPU)RU\TPU\pers\41479
|
| 701 |
|
1 |
|a Батранин
|b А. В.
|c специалист в области сварочного производства
|c инженер Томского политехнического университета, ассистент
|f 1980-
|g Андрей Викторович
|3 (RuTPU)RU\TPU\pers\29437
|9 13990
|
| 701 |
|
1 |
|a Клименов
|b В. А.
|c специалист в области неразрушающего контроля
|c профессор Томского политехнического университета, доктор технических наук
|c проректор-директор Института неразрушающего контроля Томского политехнического университета
|f 1951-
|g Василий Александрович
|3 (RuTPU)RU\TPU\pers\27985
|9 12975
|
| 712 |
0 |
2 |
|a Национальный исследовательский Томский политехнический университет
|b Институт физики высоких технологий
|b Кафедра материаловедения и технологии металлов
|b Научно-образовательный центр "Современные производственные технологии"
|3 (RuTPU)RU\TPU\col\22917
|
| 712 |
0 |
2 |
|a Национальный исследовательский Томский политехнический университет
|b Институт неразрушающего контроля
|b Российско-китайская научная лаборатория радиационного контроля и досмотра
|3 (RuTPU)RU\TPU\col\21551
|
| 712 |
0 |
2 |
|a Национальный исследовательский Томский политехнический университет
|b Инженерная школа новых производственных технологий
|b Отделение материаловедения
|3 (RuTPU)RU\TPU\col\23508
|
| 801 |
|
2 |
|a RU
|b 63413507
|c 20200130
|g RCR
|
| 856 |
4 |
|
|u http://earchive.tpu.ru/handle/11683/57697
|
| 942 |
|
|
|c BK
|